Central Library OPAC University of Rajshahi

Abdul Matin Chaudhury (1895-1948) : (Record no. 24030)

MARC details
000 -LEADER
fixed length control field 01074cam a2200313 a 4500
001 - CONTROL NUMBER
control field 24030
003 - CONTROL NUMBER IDENTIFIER
rucl marc code BD-RjUL
005 - DATE AND TIME OF LATEST TRANSACTION
control field 20211209001012.0
008 - FIXED-LENGTH DATA ELEMENTS--GENERAL INFORMATION
fixed length control field 140312s2011 bg a b 000 0 eng
020 ## - INTERNATIONAL STANDARD BOOK NUMBER
International Standard Book Number 9789843323231
035 ## - SYSTEM CONTROL NUMBER
System control number (BD-RjUL)24095
040 ## - CATALOGING SOURCE
Original cataloging agency DLC
Transcribing agency DLC
Modifying agency DLC
-- BD-RjUL
Language of cataloging eng
041 0# - LANGUAGE CODE
Language code of text/sound track or separate title eng
-- ben
082 ## - DEWEY DECIMAL CLASSIFICATION NUMBER
Classification number 923.2
Author mark and year SHA
100 1# - MAIN ENTRY--PERSONAL NAME
Personal name Shibly, Atful Hye,
Dates associated with a name 1944-
9 (RLIN) 74004
245 10 - TITLE STATEMENT
Title Abdul Matin Chaudhury (1895-1948) :
Remainder of title trusted lieutenant of Mohammad Ali Jinnah /
Statement of responsibility, etc. Atful Hye Shibly.
260 ## - PUBLICATION, DISTRIBUTION, ETC. (IMPRINT)
Place of publication, distribution, etc. Dhaka :
Name of publisher, distributor, etc. Juned A. Choudhury,
Date of publication, distribution, etc. 2011.
300 ## - PHYSICAL DESCRIPTION
Pagination xviii, 196 p. :
Illustrations ill. ;
Size 23 cm.
504 ## - BIBLIOGRAPHY, ETC. NOTE
Bibliography, etc Includes bibliographical references (p. 167-173).
600 10 - SUBJECT ADDED ENTRY--PERSONAL NAME
Personal name Chaudhury, Abdul Matin,
Dates associated with a name 1895-1948.
610 20 - SUBJECT ADDED ENTRY--CORPORATE NAME
Corporate name or jurisdiction name as entry element All India Muslim League
650 #0 - SUBJECT ADDED ENTRY--TOPICAL TERM
Topical term or geographic name as entry element Politicians
Geographic subdivision India
Form subdivision Biography.
9 (RLIN) 74007
Topical term or geographic name as entry element Pakistan movement.
9 (RLIN) 74008
651 #0 - SUBJECT ADDED ENTRY--GEOGRAPHIC NAME
Geographic name India
General subdivision Politics and government
Chronological subdivision 1919-1947.
9 (RLIN) 74009
Geographic name India
General subdivision History
Chronological subdivision Partition, 1947.
9 (RLIN) 67867
942 ## - ADDED ENTRY ELEMENTS (KOHA)
Source of classification or shelving scheme Dewey Decimal Classification
Koha item type Books
Holdings
Lost status Source of classification or shelving scheme Damaged status Not for loan Collection code Permanent Location Current Location Shelving location Date acquired Source of acquisition Cost, normal purchase price Total Checkouts Full call number Date last seen Copy number Koha item type
  Dewey Decimal Classification     Non-fiction Central Library, University of Rajshahi Central Library, University of Rajshahi   09/03/2011 Dhaka Anthor 180.00   923.2 SHA 2011 12/03/2014 C-5 Books
  Dewey Decimal Classification     Non-fiction Central Library, University of Rajshahi Central Library, University of Rajshahi   09/03/2011 Dhaka Anthor 180.00   923.2 SHA 2011 12/03/2014 C-4 Books
  Dewey Decimal Classification     Non-fiction Central Library, University of Rajshahi Central Library, University of Rajshahi   09/03/2011 Dhaka Anthor 180.00   923.2 SHA 2011 12/03/2014 C-3 Books
  Dewey Decimal Classification     Non-fiction Central Library, University of Rajshahi Central Library, University of Rajshahi   06/03/2011 Author, Dhaka 200.00   923.2 SHA 2011 13/03/2014 C-6 Books
  Dewey Decimal Classification     Non-fiction Central Library, University of Rajshahi Central Library, University of Rajshahi   09/03/2011 Author, Dhaka 180.00   923.2 SHA 2011 13/11/2016 C-7 Books
  Dewey Decimal Classification   Not For Loan Non-fiction Central Library, University of Rajshahi Central Library, University of Rajshahi Reading Room 09/03/2011 Author. Rajshahi 180.00   923.2 SHA 2011 29/01/2017 C-1 Books